Statistics for Mythological Creatures

Click here to take the quiz!

General Stats

  • This quiz has been taken 93 times
  • The average score is 17 of 23

Answer Stats

Hint Answer % Correct
Bird that rises from its ashesPhoenix
99%
Giant one-eyed beastCyclops
95%
Undead creature that likes brainsZombie
95%
Half-man, Half-horseCentaur
95%
Winged HorsePegasus
94%
Magical horse with single hornUnicorn
93%
Blood sucking bat/humanVampire
91%
If you look at her you turn to stoneMedusa
90%
Three headed dog that guards the underworldCerberus
87%
Lives in LabyrinthMinotaur
85%
Beautiful creatures with a luring songSiren
84%
Short humanoids with pointy earsElf
83%
Half-man, half-goatSatyr
74%
Half-man, Half-lion with riddlesSphinx
68%
A woman with a terrible wailBanshee
67%
Comes to take your soul to the afterlifeGrim Reaper
63%
Head and wings of an eagle with the body of a lionGriffin
61%
Mary Shelley's creatureFrankenstein
59%
Part-lion, Part-goat, Part-snakeChimera
57%
A skinny man in a suit that is found in the woodsSlenderman
54%
Animated humanoid forms of inanimate materialGolem
37%
Giant lion with impenetrable hide that fought HerculesNemean Lion
29%
Water horseHippocampus
18%

Score Distribution

Percentile by Number Answered

Percent of People with Each Score

Your Score History

You have not taken this quiz